000
00277nam a22001217a 4500
008
230704b xxu||||| |||| 00| 0 eng d
082
_a
342.968
_b
ZIM
100
_c
Zimbabwe
245
_a
Constitution of Zimbabwe
260
_a
Zimbabwe
_c
1985
300
_a
108p
942
_2
ddc
_c
BK
999
_c
3632
_d
3632